LEADER 05690nam 2200709Ia 450 001 9910790472403321 005 20200520144314.0 010 $a1-118-23661-0 010 $a1-280-67580-2 010 $a9786613652737 010 $a1-118-22272-5 035 $a(CKB)2670000000148239 035 $a(EBL)817999 035 $a(OCoLC)777374789 035 $a(SSID)ssj0000633093 035 $a(PQKBManifestationID)11397818 035 $a(PQKBTitleCode)TC0000633093 035 $a(PQKBWorkID)10617030 035 $a(PQKB)11446427 035 $a(Au-PeEL)EBL817999 035 $a(CaPaEBR)ebr10538597 035 $a(CaONFJC)MIL365273 035 $a(CaSebORM)9781118083192 035 $a(MiAaPQ)EBC817999 035 $a(EXLCZ)992670000000148239 100 $a20120320d2012 uy 0 101 0 $aeng 135 $aur|n|---||||| 181 $ctxt 182 $cc 183 $acr 200 10$aCASP$b[electronic resource] $eCompTIA Advanced Security Practitioner study guide (exam cas-001) /$fMichael Gregg, and Billy Haines 205 $a1st edition 210 $aIndianapolis, IN $cWiley Pub., Inc.$d2012 215 $a1 online resource (558 p.) 300 $aIncludes index. 311 $a1-118-08319-9 327 $aCASP CompTIA Advanced Security Practitioner Study Guide; Contents; Foreword; Introduction; Before You Begin the CompTIA CASP Certification Exam; How to Become a CASP Certified Professional; Who Should Read This Book?; How This Book Is Organized; Exam Strategy; How to Use This Book and Companion Website; The CASP (2011 Edition) Exam Objectives; Chapter 1: Cryptographic Tools and Techniques; The History of Cryptography; Cryptographic Services; Symmetric Encryption; Asymmetric Encryption; Hybrid Encryption; Hashing; Digital Signatures; Public Key Infrastructure; Cryptographic Solutions 327 $aCryptographic AttacksSummary; Exam Essentials; Review Questions; Chapter 2: Comprehensive Security Solutions; Advanced Network Design; TCP/IP; Secure Communication Solutions; Secure Facility Solutions; Secure Network Infrastructure Design; Summary; Exam Essentials; Review Questions; Chapter 3: Securing Virtualized, Distributed, and Shared Computing; Enterprise Security; Cloud Computing; Virtualization; Virtual LANs; Enterprise Storage; Summary; Exam Essentials; Review Questions; Chapter 4: Host Security; Firewalls and Access Control Lists; Host-Based Firewalls; Trusted Operating System 327 $aEndpoint Security SoftwareAnti-malware; Host Hardening; Asset Management; Data Exfiltration; Intrusion Detection and Prevention; Summary; Exam Essentials; Review Questions; Chapter 5: Application Security and Penetration Testing; Application Security; Specific Application Issues; Application Sandboxing; Application Security Framework; Standard Libraries; Secure Coding Standards; Application Exploits; Escalation of Privilege; Improper Storage of Sensitive Data; Cookie Storage and Transmission; Process Handling at the Client and Server; Security Assessments and Penetration Testing; Summary 327 $aExam EssentialsReview Questions; Chapter 6: Risk Management; Risk Terminology; Identifying Vulnerabilities; Operational Risks; The Risk Assessment Process; Best Practices for Risk Assessments; Summary; Exam Essentials; Review Questions; Chapter 7: Policies, Procedures, and Incident Response; A High-Level View of Documentation; Business Documents Used to Support Security; Documents and Controls Used for Sensitive Information; Auditing Requirements and Frequency; The Incident Response Framework; Digital Forensics; The Role of Training and Employee Awareness; Summary; Exam Essentials 327 $aReview QuestionsChapter 8: Security Research and Analysis; Analyzing Industry Trends and Outlining Potential Impact; Carrying Out Relevant Analysis to Secure the Enterprise; Summary; Exam Essentials; Review Questions; Chapter 9: Enterprise Security Integration; Integrate Enterprise Disciplines to Achieve Secure Solutions; Explain the Security Impact of Interorganizational Change; Summary; Exam Essentials; Review Questions; Chapter 10: Security Controls for Communication and Collaboration; Selecting and Distinguishing the Appropriate Security Controls 327 $aAdvanced Authentication Tools, Techniques, and Concepts 330 $aGet Prepared for CompTIA Advanced Security Practitioner (CASP) Exam Targeting security professionals who either have their CompTIA Security+ certification or are looking to achieve a more advanced security certification, this CompTIA Authorized study guide is focused on the new CompTIA Advanced Security Practitioner (CASP) Exam CAS-001. Veteran IT security expert and author Michael Gregg details the technical knowledge and skills you need to conceptualize, design, and engineer secure solutions across complex enterprise environments. He prepares you for aspects of the certification tes 517 3 $aCompTIA Advanced Security Practitioner study guide 606 $aElectronic data processing personnel$xCertification 606 $aComputer security$xExaminations$vStudy guides 606 $aComputer networks$xSecurity measures$xExaminations$vStudy guides 615 0$aElectronic data processing personnel$xCertification. 615 0$aComputer security$xExaminations 615 0$aComputer networks$xSecurity measures$xExaminations 676 $a005.8 676 $a005.8076 700 $aGregg$b Michael H$01552106 701 $aHaines$b Billy$c(Computer scientist)$01552107 801 0$bMiAaPQ 801 1$bMiAaPQ 801 2$bMiAaPQ 906 $aBOOK 912 $a9910790472403321 996 $aCASP$93811905 997 $aUNINA LEADER 03705nam 22007575 450 001 9910735394103321 005 20260126120828.0 010 $a3-030-96840-5 024 7 $a10.1007/978-3-030-96840-3 035 $a(MiAaPQ)EBC7026809 035 $a(Au-PeEL)EBL7026809 035 $a(CKB)24100623200041 035 $a(PPN)269151680 035 $a(OCoLC)1334100536 035 $a(DE-He213)978-3-030-96840-3 035 $a(EXLCZ)9924100623200041 100 $a20220630d2022 u| 0 101 0 $aeng 135 $aurcnu|||||||| 181 $ctxt$2rdacontent 182 $cc$2rdamedia 183 $acr$2rdacarrier 200 10$aAtlas of Dentomaxillofacial Anatomical Imaging /$fedited by Antigoni Delantoni, Kaan Orhan 205 $a1st ed. 2022. 210 1$aCham :$cSpringer International Publishing :$cImprint: Springer,$d2022. 215 $a1 online resource (229 pages) 225 1 $aMedicine Series 311 08$aPrint version: Delantoni, Antigoni Atlas of Dentomaxillofacial Anatomical Imaging Cham : Springer International Publishing AG,c2022 9783030968397 320 $aIncludes bibliographical references. 327 $aChapter 1) Introduction to Dentomaxillofacial Imaging -- Chapter 2) Basic Principles of Intraoral Radiography -- Chapter 3) Intraoral Radiographic Anatomy -- Chapter 4Basic Principles of Panoramic Radiography -- Chapter 5) Panoramic Radiographic Anatomy -- Chapter 6) Cephalometric Radiography -- Chapter 7) Basic Principles of Computer Tomography (MDCT/CBCT). The Use of MDCT and CBCT in Dentomaxillofacial Imaging -- Chapter 8) CBCT Anatomical Imaging -- Chapter 9) MDCT Soft Tissue Anatomy -- Chapter 10) Dentomaxillofacial Ultrasonography: Basic Principles and Radiographic Anatomy -- Chapter 11) Basics of Magnetic Resonance Imaging (MRI) -- Chapter 12) MRI Anatomy -- Chapter 13) Principles of Maxillofacial Angiography -- Chapter 14) Imaging of the Most Common Dental Pathologies -- Chapter 15) Micro CT. . 330 $aThis atlas is a detailed and complete guide on imaging of the dentomaxillofacial region, a region of high interest to a wide range of specialists. A large number of injuries and patient?s treatment involve the facial skeleton. Enriched by radiographic images and illustrations, this book explores the anatomy of this region presenting its imaging characteristics through the most commonly available techniques (MDCT, CBCT, MRI and US). In addition, two special chapters on angiography and micro-CT expand the limits of dentomaxillofacial imaging. This comprehensive book will be an invaluable tool for radiologists, dentists, surgeons and ENT specialists in their training and daily practice. 410 0$aMedicine Series 606 $aRadiology 606 $aDentistry 606 $aSurgery 606 $aRadiology 606 $aDentistry 606 $aSurgery 606 $aBoca$2thub 606 $aMaxil·lars$2thub 606 $aDents$2thub 606 $aRadiografia mèdica$2thub 606 $aCirurgia maxil·lofacial$2thub 608 $aLlibres electrònics$2thub 615 0$aRadiology. 615 0$aDentistry. 615 0$aSurgery. 615 14$aRadiology. 615 24$aDentistry. 615 24$aSurgery. 615 7$aBoca 615 7$aMaxil·lars 615 7$aDents 615 7$aRadiografia mèdica 615 7$aCirurgia maxil·lofacial 676 $a617.522 676 $a617.520754 702 $aDelantoni$b Antigoni 702 $aOrhan$b Kaan 801 0$bMiAaPQ 801 1$bMiAaPQ 801 2$bMiAaPQ 906 $aBOOK 912 $a9910735394103321 996 $aAtlas of dentomaxillofacial anatomical imaging$93412402 997 $aUNINA LEADER 04171nam 2200805Ia 450 001 9910814135103321 005 20250322110042.0 010 $a9780814772256 010 $a0814772250 010 $a9780814772904 010 $a0814772900 010 $a9781441636614 010 $a1441636617 024 7 $a10.18574/9780814772904 035 $a(CKB)2520000000007934 035 $a(EBL)865881 035 $a(OCoLC)779828280 035 $a(SSID)ssj0000340678 035 $a(PQKBManifestationID)11947681 035 $a(PQKBTitleCode)TC0000340678 035 $a(PQKBWorkID)10408069 035 $a(PQKB)10392900 035 $a(StDuBDS)EDZ0001326152 035 $a(MiAaPQ)EBC865881 035 $a(OCoLC)558991451 035 $a(MdBmJHUP)muse10433 035 $a(DE-B1597)547491 035 $a(DE-B1597)9780814772904 035 $a(Au-PeEL)EBL865881 035 $a(CaPaEBR)ebr10356703 035 $a(Perlego)720418 035 $a(ODN)ODN0002923376 035 $a(EXLCZ)992520000000007934 100 $a20090722d2010 uy 0 101 0 $aeng 135 $aur|n|---||||| 181 $ctxt 182 $cc 183 $acr 200 10$aMusical imagiNation $eU.S.-Colombian identity and the Latin music boom /$fMaria Elena Cepeda 205 $a1st ed. 210 $aNew York $cNew York University Press$d2010 210 1$aNew York, NY : $cNew York University Press, $d[2010] 210 4$d©2010 215 $a1 online resource (268 p.) 300 $aDescription based upon print version of record. 311 08$a0-8147-1691-1 311 08$a0-8147-1692-X 320 $aIncludes bibliographical references and index. 327 $tFrontmatter -- $tContents -- $tAcknowledgments -- $tIntroduction -- $t1 La crisis colombiana -- $t2 A Miami Sound Machine -- $t3 Shakira as the Idealized Transnational Citizen -- $t4 Florecita rockera -- $t5 The Colombian Vallenato acá y allá -- $t6 The Colombian Transcultural Aesthetic Recipe -- $tAfterword -- $tNotes -- $tReferences -- $tDiscography -- $tIndex -- $tAbout the Author 330 $aLong associated with the pejorative clichés of the drug-trafficking trade and political violence, contemporary Colombia has been unfairly stigmatized. In this pioneering study of the Miami music industry and Miami?s growing Colombian community, María Elena Cepeda boldly asserts that popular music provides an alternative common space for imagining and enacting Colombian identity. Using an interdisciplinary analysis of popular media, music, and music video, Cepeda teases out issues of gender, sexuality, race, ethnicity, and transnational identity in the Latino/a music industry and among its most renowned rock en español, pop, and vallenato stars.Musical ImagiNation provides an overview of the ongoing Colombian political and economic crisis and the dynamics of Colombian immigration to metropolitan Miami. More notably, placed in this context, the book discusses the creative work and media personas of talented Colombian artists Shakira, Andrea Echeverri of Aterciopelados, and Carlos Vives. In her examination of the transnational figures and music that illuminate the recent shifts in the meanings attached to Colombian identity both in the United States and Latin America, Cepeda argues that music is a powerful arbitrator of memory and transnational identity. 606 $aMusic$xSocial aspects$zUnited States$xHistory$y20th century 606 $aPopular music$zFlorida$zMiami$xHistory and criticism 606 $aPopular music$zColombia$xHistory and criticism 606 $aMusic trade$zFlorida$zMiami 606 $aIdentity (Psychology) and mass media 615 0$aMusic$xSocial aspects$xHistory 615 0$aPopular music$xHistory and criticism. 615 0$aPopular music$xHistory and criticism. 615 0$aMusic trade 615 0$aIdentity (Psychology) and mass media. 676 $a781.64089/68861075938 700 $aCepeda$b Mari?a Elena$01089728 801 0$bMiAaPQ 801 1$bMiAaPQ 801 2$bMiAaPQ 906 $aBOOK 912 $a9910814135103321 996 $aMusical imagiNation$93985846 997 $aUNINA